How to Research / (Record no. 16185)
[ view plain ]
| 000 -LEADER | |
|---|---|
| fixed length control field | 01685cam a2200349 a 4500 |
| 001 - CONTROL NUMBER | |
| control field | 14939283 |
| 005 - DATE AND TIME OF LATEST TRANSACTION | |
| control field | 20070806111515.0 |
| 008 - FIXED-LENGTH DATA ELEMENTS--GENERAL INFORMATION | |
| fixed length control field | 070724s2006 enka b 001 0 eng |
| 010 ## - LIBRARY OF CONGRESS CONTROL NUMBER | |
| LC control number | 2007278572 |
| 020 ## - INTERNATIONAL STANDARD BOOK NUMBER | |
| International Standard Book Number | 033523867X |
| 020 ## - INTERNATIONAL STANDARD BOOK NUMBER | |
| International Standard Book Number | 9780335238675 |
| 040 ## - CATALOGING SOURCE | |
| Original cataloging agency | DLC |
| Transcribing agency | DLC |
| Modifying agency | DLC |
| 050 00 - LIBRARY OF CONGRESS CALL NUMBER | |
| Classification number | Q180.55.M4 |
| Item number | B59 2006 |
| 082 00 - DEWEY DECIMAL CLASSIFICATION NUMBER | |
| Classification number | 001.42 |
| Edition number | 22 |
| Item number | BLA |
| 100 1# - MAIN ENTRY--PERSONAL NAME | |
| Personal name | Blaxter, Loraine, |
| Dates associated with a name | 1945- |
| 9 (RLIN) | 27689 |
| 245 10 - TITLE STATEMENT | |
| Title | How to Research / |
| Statement of responsibility, etc | Loraine Blaxter, Christina Hughes, and Malcolm Tight. |
| 250 ## - EDITION STATEMENT | |
| Edition statement | 4th ed. |
| 260 ## - PUBLICATION, DISTRIBUTION, ETC. (IMPRINT) | |
| Place of publication, distribution, etc | Berkshire, England ; |
| -- | New York : |
| Name of publisher, distributor, etc | Open University Press, 2010 |
| Date of publication, distribution, etc | 2010 |
| 300 ## - PHYSICAL DESCRIPTION | |
| Extent | xii, 315p. : |
| Other physical details | ill. ; |
| Dimensions | 24 cm. |
| 650 #0 - SUBJECT ADDED ENTRY--TOPICAL TERM | |
| Topical term or geographic name as entry element | Research |
| General subdivision | Methodology. |
| 9 (RLIN) | 27690 |
| 653 ## - INDEX TERM--UNCONTROLLED | |
| Resource For college | |
| Arrived date list | October2011 |
| 700 1# - ADDED ENTRY--PERSONAL NAME | |
| Personal name | Hughes, Christina, |
| Dates associated with a name | 1952- |
| 9 (RLIN) | 27691 |
| 700 1# - ADDED ENTRY--PERSONAL NAME | |
| Personal name | Tight, Malcolm. |
| 9 (RLIN) | 27692 |
| 856 42 - ELECTRONIC LOCATION AND ACCESS | |
| Materials specified | Contributor biographical information |
| Uniform Resource Identifier | <a href="http://www.loc.gov/catdir/enhancements/fy0737/2007278572-b.html">http://www.loc.gov/catdir/enhancements/fy0737/2007278572-b.html</a> |
| 856 42 - ELECTRONIC LOCATION AND ACCESS | |
| Materials specified | Publisher description |
| Uniform Resource Identifier | <a href="http://www.loc.gov/catdir/enhancements/fy0737/2007278572-d.html">http://www.loc.gov/catdir/enhancements/fy0737/2007278572-d.html</a> |
| 856 41 - ELECTRONIC LOCATION AND ACCESS | |
| Materials specified | Table of contents only |
| Uniform Resource Identifier | <a href="http://www.loc.gov/catdir/enhancements/fy0737/2007278572-t.html">http://www.loc.gov/catdir/enhancements/fy0737/2007278572-t.html</a> |
| 942 ## - ADDED ENTRY ELEMENTS (KOHA) | |
| Source of classification or shelving scheme | Dewey Decimal Classification |
| Item type | Book - Borrowing |
| Withdrawn status | Item status | Source of classification or shelving scheme | Damaged status | Not for loan | Vendor | Home library | Current library | Shelving location | Date acquired | Source of acquisition | Total Checkouts | Full call number | Barcode | Date last seen | Koha item type | Total Renewals | Date last borrowed |
|---|---|---|---|---|---|---|---|---|---|---|---|---|---|---|---|---|---|
| Dewey Decimal Classification | Baccah | Central Library | Central Library | Lower Floor | 30/10/2011 | 001.42 BLA | 000025521 | 20/04/2026 | NB - Book (Non borrowing) | ||||||||
| Dewey Decimal Classification | Baccah | Central Library | Central Library | Lower Floor | 30/10/2011 | 2 | 001.42 BLA | 000025522 | 15/07/2025 | Book - Borrowing | 27 | 16/11/2022 | |||||
| Dewey Decimal Classification | Baccah | Central Library | Central Library | Lower Floor | 30/10/2011 | 3 | 001.42 BLA | 000025523 | 15/07/2025 | Book - Borrowing | 1 | 17/12/2018 |